000 00569nam a22001937a 4500
008 131204b xxu||||| |||| 00| 0 eng d
020 _a0691117837
041 0 _aeng
080 _a342
100 1 _aCowen, Tyler ;
245 1 0 _aCreative destruction :
_cTyler Cowen.
260 _aPrinceton, N.J. :
_bPrinceton University Press,
_cc2002.
300 _a179 f. ;
_c23 cm.
500 _aReferences : f. 153 - 171
505 _aIndex : f. 173 - 179
650 0 _aKultura
650 0 _aGlobalizimi
942 _2udc
_cBK
999 _c386
_d386